LEADER 01338nam 2200373 450 001 000009244 005 20050718115300.0 010 $a88-08-06182-5 100 $a20020107d1986----km-y0itay0103----ba 101 0 $aita 102 $aIT 200 1 $aFra numeri e dita$edal conteggio sulle dita alla nascita del numero$fGiovanni Buffa 210 $aBologna$cZanichelli$d1986 215 $aVI, 174 p.$cill.$d24 cm 225 1 $a<> ellissi 606 $aSistemi di numerazione$xOrigini 676 $a513.5$v(20. ed.)$9Sistemi di numerazione 700 1$aBuffa,$bGiovanni$056687 801 0$aIT$bUniversità della Basilicata - B.I.A.$gRICA$2unimarc 912 $a000009244 996 $aFra numeri e dita$977811 997 $aUNIBAS BAS $aMONSCI BAS $aMONOGR BAS $aSCIENZE CAT $aSTD004$b01$c20020107$lBAS01$h1228 CAT $c20050601$lBAS01$h1754 CAT $abatch$b01$c20050718$lBAS01$h1050 CAT $c20050718$lBAS01$h1109 CAT $c20050718$lBAS01$h1139 CAT $c20050718$lBAS01$h1153 FMT Z30 -1$lBAS01$LBAS01$mBOOK$1BASA2$APolo Tecnico-Scientifico$2DID$BDidattica$3PTS.s3.p27.9$64677$5M4677$820020107$f04$FPrestabile Didattica Z30 -1$lBAS01$LBAS01$mBOOK$1BASA2$APolo Tecnico-Scientifico$2DID$BDidattica$669105$5S69105$820020719$f04$FPrestabile Didattica LEADER 01554nam2 2200397 450 001 000033370 005 20150309105949.0 010 $a0 19 814552 7 100 $a20121001d1900----km-y0itaa50------ba 101 0 $agrc 102 $aGB 200 1 $aHistoria Graeca$frecognovit brevique adnotatione critica instruxit E. C. Marchant 210 $aOxonii$ce Typographeo Clarendoniano$d1900 215 $a284 p.$d19 cm 225 2 $aScriptorum classicorum bibliotheca Oxoniensis 410 0$12001$aScriptorum classicorum bibliotheca Oxoniensis 461 1$1001000033369$12001$aXenophontis Opera omnia$vvol. 1 500 11$aHellenica / Xenophon$921314 676 $a938$v(22. ed.)$9Storia antica. Grecia 700 0$aXenophon$f<427/26 ca.- 353 a.C.>$075253 702 1$aMarchant,$bEdgar Cardew 801 0$aIT$bUniversità della Basilicata - B.I.A.$gREICAT$2unimarc 912 $a000033370 996 $aHellenica$921314 997 $aUNIBAS CAT $aEXT013$b01$c20121001$lBAS01$h0848 CAT $aEXT013$b01$c20121001$lBAS01$h0849 CAT $aEXT013$b01$c20121002$lBAS01$h0921 CAT $aEXT013$b01$c20140610$lBAS01$h1402 CAT $aATR$b40$c20141112$lBAS01$h0941 CAT $aATR$b40$c20141112$lBAS01$h0945 CAT $aBATCH-UPD$b40$c20141215$lBAS01$h1720 CAT $aATR$b00$c20150309$lBAS01$h1058 CAT $aEXT013$b01$c20150309$lBAS01$h1059 FMT Z30 -1$lBAS01$LBAS01$mBOOK$1BASA1$APolo Storico-Umanistico$2GEN$BCollezione generale$3FP/CLASSICI 1252$615567$5L15567$820121001$f02$FPrestabile Generale LEADER 01895oam 2200517zu 450 001 9910872809103321 005 20241212215118.0 035 $a(CKB)111055184246070 035 $a(SSID)ssj0000395849 035 $a(PQKBManifestationID)12104805 035 $a(PQKBTitleCode)TC0000395849 035 $a(PQKBWorkID)10456757 035 $a(PQKB)11766375 035 $a(EXLCZ)99111055184246070 100 $a20160829d2000 uy 101 0 $aeng 181 $ctxt 182 $cc 183 $acr 200 10$a2000 IEEE International Conference on Personal Wireless Communications : Hyderabad, India, December 17-20, 2000 210 31$a[Place of publication not identified]$cIEEE$d2000 300 $aBibliographic Level Mode of Issuance: Monograph 311 08$a9780780358935 311 08$a0780358937 606 $aPersonal communication service systems$vCongresses 606 $aWireless communication systems$vCongresses 606 $aMobile communication systems$vCongresses 606 $aElectrical & Computer Engineering$2HILCC 606 $aEngineering & Applied Sciences$2HILCC 606 $aTelecommunications$2HILCC 615 0$aPersonal communication service systems 615 0$aWireless communication systems 615 0$aMobile communication systems 615 7$aElectrical & Computer Engineering 615 7$aEngineering & Applied Sciences 615 7$aTelecommunications 676 $a621.3845 702 $aGupta$b R. G. 712 02$aIEEE Information Theory Society 712 02$aInstitute of Electrical and Electronics Engineers 712 12$aIEEE International Conference on Personal Wireless Communications 801 0$bPQKB 906 $aPROCEEDING 912 $a9910872809103321 996 $a2000 IEEE International Conference on Personal Wireless Communications : Hyderabad, India, December 17-20, 2000$92527823 997 $aUNINA